Statistics for Groups of Things - US History #3

Click here to take the quiz!

General Stats

  • This quiz has been taken 107 times
  • The average score is 15 of 30

Answer Stats

HintAnswer% Correct
Non-Presidents on Current BanknotesBenjamin Franklin
86%
Presidents Who Lost Popular VoteDonald Trump
86%
Organizations the US is Part OfWorld H{ealth} Organization
86%
Presidents Who Lost Popular VoteGeorge W. Bush
79%
States With One RepresentativeAlaska
78%
Five Star GeneralsDwight D. Eisenhower
72%
States With One RepresentativeWyoming
70%
States With One RepresentativeSouth Dakota
68%
Musicians Killed in 1959 Plane CrashBuddy Holly
67%
States With One RepresentativeNorth Dakota
67%
Organizations the US is Part OfN{orth} A{tlantic} T{reaty} Organization
66%
States With One RepresentativeDelaware
63%
States With One RepresentativeVermont
63%
Non-Presidents on Current BanknotesAlexander Hamilton
60%
Five Star GeneralsDouglas MacArthur
57%
Five Star GeneralsUlysses S. Grant
56%
Organizations the US is Part OfInternational M{onetary} F{und}
51%
Musicians Killed in 1959 Plane CrashThe Big Bopper
49%
Musicians Killed in 1959 Plane CrashRitchie Valens
41%
Presidents Who Lost Popular VoteJohn Quincy Adams
40%
Organizations the US is Part OfInternational O{lympic} Committee
39%
Presidents Who Lost Popular VoteBenjamin Harrison
29%
Presidents Who Lost Popular VoteRutherford B. Hayes
28%
Organizations the US is Part OfOrganization of A{merican} S{tates}
27%
Five Star GeneralsWilliam T. Sherman
24%
Five Star GeneralsGeorge C. Marshall
22%
Five Star GeneralsOmar Bradley
20%
Organizations the US is Part OfOrganisation for E{conomic} C{o-operation} and Development
17%
Five Star GeneralsHenry H. Arnold
7%
Five Star GeneralsPhilip Sheridan
4%

Score Distribution

Percentile by Number Answered

Percent of People with Each Score

Your Score History

You have not taken this quiz